Statistiques concernant Les 20 plus grands stades de football du monde

Cliquez ici pour prendre le quiz!

Statistiques générales

  • Ce quiz a été pris 361 fois
  • Le résultat moyen est 7 sur 30

Statistiques - réponses

VillePaysCapacitéNom du Stade% Correct
BarceloneEspagne99000Camp Nou
89%
Saint-DenisFrance81000Stade de France
84%
MadridEspagne80000Santiago Bernabeu
78%
MilanItalie81000San Siro
76%
Rio de JaneiroBrésil77000Maracana
72%
LondresAngleterre90000Wembley Stadium
69%
ManchesterAngleterre76000Old Trafford
60%
RomeItalie83000Stadio Olimpico
40%
DortmundAllemagne81000Signal Iduna Park
31%
Pays de GallesCardiff74000Millenium Stadium
30%
NaplesItalie77000Stadio San Paolo
23%
MexicoMexique105000Stade Azteca
22%
PyongyangCorée du Nord150000Stade du 1er mai
13%
PékinChine91000Stade National de Pékin
10%
IstanbulTurquie75000Stade Olympique Ataturk
9%
AlgerAlgérie113000Stade du 5 juillet 1962
6%
JakartaIndonésie88000Bung Karno Stadium
2%
JohannesburgAfrique du Sud95000FNB Stadium
2%
Belo HorizonteBrésil76000Mineirao
2%
Sao PauloBrésil80000Morumbi
2%
CalcuttaInde120000Salt Lake Stadium
2%
TéhéranIran90000Stade Azadi
2%
Kansas CityEtats-Unis79000Arrowhead Stadium
1%
DallasEtats-Unis92000Cotton Bowl Stadium
1%
GuangdongChine80000Guangdong Olympic Stadium
1%
Kuala LumpurMalaisie100000Stade Bukit Jalil
1%
KynshasaCongo80000Stade des Martyrs
1%
LimaPérou80000Stade Monumental
1%
AlexandrieEgypte86000Borg el Arab Stadium
0%
MoscouRussie85000Stade Louijniki
0%

Distribution des résultats

Percentile par nombre de réponses

% des personnes avec chaque résultat

Votre développement - résultats

Vous n’avez pas pris ce quiz